01335nam a22003134a 4500001001100000003000800011006001900019007001500038008004100053010001700094020001500111040002100126035002000147050002400167100002400191245014600215260005500361300001500416504006400431533015200495650004100647650005100688650004100739650005500780655002900835710001700864856012500881999001501006ebr5001381CaPaEBRm u cr cn|||||||||990729s1999 enk sb 001 0 eng  z 99231324  z0750709499 aCaPaEBRcCaPaEBR a(OCoLC)4813854014aLC93.G7bG35 1999eb1 aGann, Nigel,d1948-10aTargets for tomorrow's schoolsh[electronic resource] :ba guide to whole school target-setting for governors and headteachers /cNigel Gann. aLondon ;aPhiladelphia, PA :bFalmer Press,c1999. aix, 117 p. aIncludes bibliographical references (p. 109-111) and index. aElectronic reproduction.bPalo Alto, Calif. :cebrary,d2013.nAvailable via World Wide Web.nAccess may be limited to ebrary affiliated libraries. 0aEducational planningzGreat Britain. 0aEducationxAims and objectiveszGreat Britain. 0aEducationxStandardszGreat Britain. 0aSchool management and organizationzGreat Britain. 7aElectronic books.2local2 aebrary, Inc.40uhttp://site.ebrary.com/lib/rucke/Doc?id=5001381zAn electronic book accessible through the World Wide Web; click to view c1164d1164